[Event "A.Arkanov Memorial"]
[Site "Gorno-Altaisk"]
[Date "2017.11.01"]
[Round "11.1"]
[White "Vlassov, Nikolai"]
[Black "Bocharov, Dmitry"]
[Result "1/2-1/2"]
[BlackElo "2580"]
[WhiteElo "2473"]
[LiveChessVersion "1.4.8"]

1. e4 {[%clk 0:15:17]} g6 {[%clk 0:14:52]} 2. d4 {[%clk 0:15:24]} Bg7
{[%clk 0:15:01]} 3. Nc3 {[%clk 0:15:33]} d6 {[%clk 0:15:08]} 4. h4
{[%clk 0:15:34]} h6 {[%clk 0:13:14]} 5. h5 {[%clk 0:15:41]} g5 {[%clk 0:13:23]}
6. f4 {[%clk 0:15:51]} gxf4 {[%clk 0:13:10]} 7. Bxf4 {[%clk 0:15:59]} Nc6
{[%clk 0:13:14]} 8. Nf3 {[%clk 0:16:07]} Bg4 {[%clk 0:13:08]} 9. d5
{[%clk 0:16:15]} Ne5 {[%clk 0:11:34]} 10. Be2 {[%clk 0:16:08]} c6
{[%clk 0:10:28]} 11. Nxe5 {[%clk 0:15:12]} dxe5 {[%clk 0:10:30]} 12. Be3
{[%clk 0:14:55]} Bd7 {[%clk 0:10:02]} 13. Qd3 {[%clk 0:13:44]} Nf6
{[%clk 0:09:50]} 14. O-O-O {[%clk 0:13:50]} cxd5 {[%clk 0:08:42]} 15. Nxd5
{[%clk 0:13:43]} Nxd5 {[%clk 0:07:41]} 16. Qxd5 {[%clk 0:13:51]} Bc6
{[%clk 0:07:16]} 17. Qb3 {[%clk 0:13:55]} Qc7 {[%clk 0:07:16]} 18. Bc4
{[%clk 0:14:00]} O-O {[%clk 0:07:07]} 19. Rh4 {[%clk 0:12:57]} e6
{[%clk 0:06:50]} 20. Rg4 {[%clk 0:10:55]} Kh7 {[%clk 0:06:40]} 21. Rf1
{[%clk 0:10:10]} Qe7 {[%clk 0:04:46]} 22. Bd2 {[%clk 0:10:05]} Rg8
{[%clk 0:03:58]} 23. Bb4 {[%clk 0:09:28]} Qd7 {[%clk 0:03:40]} 24. Rd1
{[%clk 0:09:06]} Qe8 {[%clk 0:03:48]} 25. Bd6 {[%clk 0:08:43]} Bh8
{[%clk 0:03:48]} 26. Qf3 {[%clk 0:07:01]} Rxg4 {[%clk 0:03:50]} 27. Qxg4
{[%clk 0:07:10]} Qg8 {[%clk 0:03:56]} 28. Qf3 {[%clk 0:07:12]} Rd8
{[%clk 0:03:08]} 29. Be7 {[%clk 0:06:29]} Rxd1+ {[%clk 0:03:09]} 30. Kxd1
{[%clk 0:06:38]} f5 {[%clk 0:02:23]} 31. Bd3 {[%clk 0:06:34]} Qf7
{[%clk 0:02:21]} 32. Bc5 {[%clk 0:06:24]} b6 {[%clk 0:02:19]} 33. Bb4
{[%clk 0:06:20]} Bf6 {[%clk 0:02:20]} 34. Bc3 {[%clk 0:06:28]} Qg7
{[%clk 0:02:14]} 35. Qe2 {[%clk 0:06:32]} f4 {[%clk 0:02:06]} 36. Bc4
{[%clk 0:06:35]} Qd7+ {[%clk 0:02:07]} 37. Kc1 {[%clk 0:06:30]} Bg5
{[%clk 0:02:03]} 38. Kb1 {[%clk 0:06:35]} Qd6 {[%clk 0:01:55]} 39. Qd3
{[%clk 0:06:27]} Qc5 {[%clk 0:01:43]} 40. b4 {[%clk 0:06:22]} Qg1+
{[%clk 0:01:39]} 41. Kb2 {[%clk 0:06:16]} f3 {[%clk 0:01:23]} 42. Qxf3
{[%clk 0:06:01]} Qc1+ {[%clk 0:01:27]} 43. Kb3 {[%clk 0:06:10]} Qb1+
{[%clk 0:01:26]} 44. Bb2 {[%clk 0:06:15]} Be8 {[%clk 0:00:59]} 45. Bxe6
{[%clk 0:06:06]} Kg7 {[%clk 0:01:03]} 46. Qf5 {[%clk 0:05:44]} Bf6
{[%clk 0:01:11]} 47. Qg4+ {[%clk 0:05:46]} Bg5 {[%clk 0:01:13]} 48. Qg3
{[%clk 0:05:46]} Ba4+ {[%clk 0:00:50]} 49. Ka3 {[%clk 0:05:34]} Qxc2
{[%clk 0:00:51]} 50. Qxe5+ {[%clk 0:05:37]} Kf8 {[%clk 0:01:00]} 51. Qg7+
{[%clk 0:02:56]} Ke8 {[%clk 0:01:10]} 52. Bf7+ {[%clk 0:03:05]} Kd8
{[%clk 0:01:15]} 53. Qc3 {[%clk 0:01:52]} Qxc3+ {[%clk 0:00:45]} 54. Bxc3
{[%clk 0:02:01]} Bc6 {[%clk 0:00:46]} 55. Bd5 {[%clk 0:02:03]} Be8
{[%clk 0:00:55]} 56. Kb3 {[%clk 0:01:37]} Bxh5 {[%clk 0:01:02]} 57. Kc4
{[%clk 0:01:46]} Kd7 {[%clk 0:01:05]} 58. Kb5 {[%clk 0:01:42]} Be2+
{[%clk 0:01:09]} 59. Ka4 {[%clk 0:01:46]} Bd1+ {[%clk 0:01:03]} 60. Bb3
{[%clk 0:01:33]} Be2 {[%clk 0:01:09]} 61. b5 {[%clk 0:01:29]} Bf4
{[%clk 0:01:07]} 62. e5 {[%clk 0:01:25]} Bg4 {[%clk 0:01:16]} 63. Bd5
{[%clk 0:01:20]} Be6 {[%clk 0:01:23]} 64. Bc6+ {[%clk 0:01:28]} Ke7
{[%clk 0:01:20]} 65. a3 {[%clk 0:01:36]} Ba2 {[%clk 0:01:17]} 66. Bb7
{[%clk 0:01:23]} Ke6 {[%clk 0:01:00]} 67. Bc8+ {[%clk 0:01:31]} Ke7
{[%clk 0:01:09]} 68. Bd4 {[%clk 0:01:26]} Bd5 {[%clk 0:01:13]} 69. Bh3
{[%clk 0:01:10]} Be6 {[%clk 0:01:20]} 70. Kb4 {[%clk 0:00:56]} 1/2-1/2

[Event "A.Arkanov Memorial"]
[Site "Gorno-Altaisk"]
[Date "2017.11.01"]
[Round "11.2"]
[White "Boiarintsev, Vitaly"]
[Black "Chigaev, Maksim"]
[Result "0-1"]
[BlackElo "2536"]
[WhiteElo "2432"]
[LiveChessVersion "1.4.8"]

1. e4 {[%clk 0:15:19]} g6 {[%clk 0:15:16]} 2. Nc3 {[%clk 0:15:26]} Bg7
{[%clk 0:15:25]} 3. Bc4 {[%clk 0:15:34]} d6 {[%clk 0:14:53]} 4. d4
{[%clk 0:15:41]} Nf6 {[%clk 0:14:41]} 5. f3 {[%clk 0:15:46]} Nc6 {[%clk 0:14:41]}
6. Be3 {[%clk 0:15:49]} a6 {[%clk 0:14:48]} 7. Qd2 {[%clk 0:15:35]} b5
{[%clk 0:13:41]} 8. Bb3 {[%clk 0:14:15]} e6 {[%clk 0:12:50]} 9. h4
{[%clk 0:13:28]} Bb7 {[%clk 0:09:47]} 10. Nge2 {[%clk 0:12:38]} Na5
{[%clk 0:09:21]} 11. Bh6 {[%clk 0:11:56]} Bxh6 {[%clk 0:09:26]} 12. Qxh6
{[%clk 0:12:03]} Qe7 {[%clk 0:09:02]} 13. a3 {[%clk 0:05:56]} Nxb3
{[%clk 0:06:21]} 14. cxb3 {[%clk 0:06:05]} Nd7 {[%clk 0:06:29]} 15. b4
{[%clk 0:04:36]} Qf8 {[%clk 0:06:27]} 16. Qe3 {[%clk 0:04:19]} h5
{[%clk 0:06:00]} 17. O-O-O {[%clk 0:03:45]} Qh6 {[%clk 0:04:54]} 18. f4
{[%clk 0:03:50]} Nf6 {[%clk 0:04:48]} 19. Kb1 {[%clk 0:03:50]} O-O
{[%clk 0:04:50]} 20. Ng1 {[%clk 0:02:49]} e5 {[%clk 0:03:24]} 21. g3
{[%clk 0:02:40]} exd4 {[%clk 0:03:00]} 22. Qxd4 {[%clk 0:02:41]} Qg7
{[%clk 0:03:07]} 23. Nf3 {[%clk 0:02:40]} c5 {[%clk 0:02:06]} 24. Qd3
{[%clk 0:02:36]} cxb4 {[%clk 0:01:57]} 25. axb4 {[%clk 0:02:45]} a5
{[%clk 0:02:06]} 26. Rhe1 {[%clk 0:00:37]} axb4 {[%clk 0:02:02]} 27. Na2
{[%clk 0:00:27]} b3 {[%clk 0:01:14]} 28. Nc1 {[%clk 0:00:33]} Ra4
{[%clk 0:01:11]} 29. Nd4 {[%clk 0:00:40]} Nd7 {[%clk 0:00:30]} 30. Ncxb3
{[%clk 0:00:38]} Ba6 {[%clk 0:00:26]} 31. Rc1 {[%clk 0:00:31]} Nc5
{[%clk 0:00:32]} 32. Qe3 {[%clk 0:00:19]} Rb4 {[%clk 0:00:19]} 33. e5
{[%clk 0:00:20]} Nxb3 {[%clk 0:00:24]} 34. Nxb3 {[%clk 0:00:29]} dxe5
{[%clk 0:00:33]} 35. fxe5 {[%clk 0:00:37]} Bc8 {[%clk 0:00:35]} 36. Nd4
{[%clk 0:00:28]} Rd8 {[%clk 0:00:26]} 37. Red1 {[%clk 0:00:31]} Qf8
{[%clk 0:00:19]} 38. e6 {[%clk 0:00:37]} fxe6 {[%clk 0:00:21]} 39. Rf1
{[%clk 0:00:30]} Qg7 {[%clk 0:00:21]} 40. Rfd1 {[%clk 0:00:31]} Rbxd4
{[%clk 0:00:23]} 41. Rxd4 {[%clk 0:00:39]} Qxd4 42. Qxd4 Rxd4 {[%clk 0:00:29]}
43. Rxc8+ {[%clk 0:00:48]} Kf7 {[%clk 0:00:38]} 44. Kc2 {[%clk 0:00:42]} Rg4
{[%clk 0:00:40]} 45. Rc3 {[%clk 0:00:39]} Ke7 {[%clk 0:00:41]} 46. Kd2
{[%clk 0:00:45]} Kd6 {[%clk 0:00:50]} 47. Ke2 {[%clk 0:00:50]} Kd5
{[%clk 0:00:58]} 48. Kf3 {[%clk 0:00:56]} e5 {[%clk 0:00:59]} 49. Rc8
{[%clk 0:01:02]} Rb4 {[%clk 0:01:03]} 50. Rd8+ {[%clk 0:01:07]} Ke6
{[%clk 0:01:08]} 51. Re8+ {[%clk 0:00:22]} Kf6 {[%clk 0:01:13]} 52. Rf8+
{[%clk 0:00:23]} Ke7 {[%clk 0:01:19]} 53. Rg8 {[%clk 0:00:30]} Kf7
{[%clk 0:01:28]} 54. Rb8 {[%clk 0:00:30]} Kg7 {[%clk 0:00:50]} 55. Rb6
{[%clk 0:00:14]} Rxb2 {[%clk 0:00:35]} 56. Ke4 {[%clk 0:00:16]} Rb3
{[%clk 0:00:38]} 57. Kxe5 {[%clk 0:00:14]} Rxg3 {[%clk 0:00:46]} 58. Rxb5
{[%clk 0:00:16]} Rg4 {[%clk 0:00:55]} 59. Rb7+ {[%clk 0:00:24]} Kh6
{[%clk 0:01:04]} 60. Rb6 {[%clk 0:00:12]} Rxh4 {[%clk 0:01:07]} 61. Rb1
{[%clk 0:00:12]} Kg5 0-1

[Event "A.Arkanov Memorial"]
[Site "Gorno-Altaisk"]
[Date "2017.11.01"]
[Round "11.3"]
[White "Sorokin, Aleksey"]
[Black "Nevostrujev, Vladimir"]
[Result "1/2-1/2"]
[BlackElo "2505"]
[WhiteElo "2448"]
[LiveChessVersion "1.4.8"]

1. d4 {[%clk 0:15:17]} Nf6 {[%clk 0:15:19]} 2. c4 {[%clk 0:15:25]} c6
{[%clk 0:15:28]} 3. Nf3 d5 4. e3 {[%clk 0:15:27]} Bf5 {[%clk 0:15:38]} 5. Nc3
{[%clk 0:15:30]} e6 {[%clk 0:15:40]} 6. Nh4 {[%clk 0:15:27]} Be4 {[%clk 0:15:49]}
7. f3 {[%clk 0:15:26]} Bg6 {[%clk 0:15:58]} 8. Qb3 {[%clk 0:15:22]} Qb6
{[%clk 0:15:58]} 9. Nxg6 {[%clk 0:14:44]} hxg6 {[%clk 0:16:00]} 10. Bd2
{[%clk 0:14:11]} Nbd7 {[%clk 0:15:50]} 11. Be2 {[%clk 0:13:11]} Be7
{[%clk 0:15:51]} 12. Qxb6 {[%clk 0:12:44]} axb6 {[%clk 0:15:33]} 13. cxd5 1/2-1/2

[Event "A.Arkanov Memorial"]
[Site "Gorno-Altaisk"]
[Date "2017.11.01"]
[Round "11.4"]
[White "Bocharov, Ivan"]
[Black "Smirnov, Pavel"]
[Result "1/2-1/2"]
[BlackElo "2582"]
[WhiteElo "2598"]
[LiveChessVersion "1.4.8"]

1. e4 {[%clk 0:15:19]} c5 {[%clk 0:15:19]} 2. Nf3 {[%clk 0:15:28]} Nc6
{[%clk 0:15:27]} 3. Bb5 {[%clk 0:15:34]} g6 {[%clk 0:15:36]} 4. Bxc6
{[%clk 0:15:39]} bxc6 {[%clk 0:15:45]} 5. d4 {[%clk 0:15:37]} Bg7
{[%clk 0:15:12]} 6. dxc5 {[%clk 0:14:50]} Qa5+ {[%clk 0:15:06]} 7. Bd2
{[%clk 0:14:38]} Qxc5 {[%clk 0:15:09]} 8. Bc3 {[%clk 0:14:47]} Nf6
{[%clk 0:14:49]} 9. O-O {[%clk 0:14:53]} O-O {[%clk 0:14:57]} 10. Re1
{[%clk 0:14:46]} d5 {[%clk 0:13:16]} 11. Bd4 {[%clk 0:14:09]} Qb4
{[%clk 0:13:15]} 12. Qd2 {[%clk 0:13:23]} Qb7 {[%clk 0:11:43]} 13. Nc3
{[%clk 0:12:43]} Bg4 {[%clk 0:11:35]} 14. Ne5 {[%clk 0:10:24]} Be6
{[%clk 0:11:37]} 15. exd5 {[%clk 0:10:19]} cxd5 {[%clk 0:10:42]} 16. Nd3
{[%clk 0:10:23]} Ne4 {[%clk 0:08:38]} 17. Nxe4 {[%clk 0:09:52]} Bxd4
{[%clk 0:08:43]} 18. Ng3 {[%clk 0:07:33]} Rac8 {[%clk 0:07:15]} 19. c3
{[%clk 0:06:18]} Bg7 {[%clk 0:07:16]} 20. Nc1 {[%clk 0:03:48]} d4
{[%clk 0:06:49]} 1/2-1/2

[Event "A.Arkanov Memorial"]
[Site "Gorno-Altaisk"]
[Date "2017.11.01"]
[Round "11.5"]
[White "Akselrod, Vladislav"]
[Black "Potapov, Pavel"]
[Result "1/2-1/2"]
[BlackElo "2539"]
[WhiteElo "2451"]
[LiveChessVersion "1.4.8"]

1. d4 {[%clk 0:14:04]} f5 {[%clk 0:15:19]} 2. Nf3 {[%clk 0:14:09]} Nf6
{[%clk 0:15:27]} 3. g3 {[%clk 0:14:18]} g6 {[%clk 0:15:36]} 4. Bg2
{[%clk 0:14:27]} Bg7 {[%clk 0:15:44]} 5. O-O {[%clk 0:14:36]} O-O
{[%clk 0:15:52]} 6. c4 {[%clk 0:14:45]} d6 {[%clk 0:16:01]} 7. Nc3
{[%clk 0:14:52]} c6 {[%clk 0:16:10]} 8. d5 {[%clk 0:14:58]} e5 {[%clk 0:16:10]}
9. dxe6 {[%clk 0:14:57]} Bxe6 {[%clk 0:16:17]} 10. Bf4 {[%clk 0:15:06]} Bxc4
{[%clk 0:16:00]} 1/2-1/2

[Event "A.Arkanov Memorial"]
[Site "Gorno-Altaisk"]
[Date "2017.11.01"]
[Round "11.6"]
[White "Yudin, Sergei"]
[Black "Pakhomov, Egor"]
[Result "1-0"]
[BlackElo "2524"]
[WhiteElo "2578"]
[LiveChessVersion "1.4.8"]

1. e4 {[%clk 0:15:13]} e6 2. Qe2 Nc6 {[%clk 0:15:07]} 3. Nf3 {[%clk 0:15:20]} e5
{[%clk 0:15:14]} 4. g3 {[%clk 0:15:28]} g6 {[%clk 0:14:32]} 5. Bg2
{[%clk 0:15:35]} Bg7 {[%clk 0:14:41]} 6. O-O {[%clk 0:15:43]} Nge7
{[%clk 0:14:50]} 7. d3 {[%clk 0:15:25]} O-O {[%clk 0:14:59]} 8. c3
{[%clk 0:14:38]} d5 {[%clk 0:15:01]} 9. b4 {[%clk 0:14:40]} a6 10. Bb2 h6
{[%clk 0:12:41]} 11. Nbd2 {[%clk 0:14:41]} f5 {[%clk 0:11:35]} 12. a4
{[%clk 0:14:39]} fxe4 {[%clk 0:08:40]} 13. dxe4 {[%clk 0:14:41]} d4
{[%clk 0:08:49]} 14. cxd4 {[%clk 0:13:49]} exd4 {[%clk 0:08:57]} 15. Qc4+
{[%clk 0:13:54]} Kh7 {[%clk 0:08:32]} 16. b5 {[%clk 0:13:51]} Na5
{[%clk 0:07:55]} 17. Qb4 {[%clk 0:13:58]} b6 {[%clk 0:08:02]} 18. Rac1
{[%clk 0:10:56]} c5 {[%clk 0:07:51]} 19. bxc6 {[%clk 0:11:04]} Nexc6
{[%clk 0:07:30]} 20. Qa3 {[%clk 0:11:12]} Be6 {[%clk 0:07:14]} 21. Rfd1
{[%clk 0:10:58]} Rf7 {[%clk 0:07:09]} 22. Bf1 {[%clk 0:10:50]} b5
{[%clk 0:06:46]} 23. h3 {[%clk 0:09:10]} b4 {[%clk 0:05:22]} 24. Qa1
{[%clk 0:08:27]} Qd7 {[%clk 0:05:25]} 25. e5 {[%clk 0:08:22]} Nxe5
{[%clk 0:04:02]} 26. Nxe5 {[%clk 0:07:38]} Bxe5 {[%clk 0:04:11]} 27. Rc5
{[%clk 0:07:43]} Bc7 {[%clk 0:03:47]} 28. Re1 {[%clk 0:06:04]} Rd8
{[%clk 0:02:37]} 29. Rxc7 {[%clk 0:05:59]} Qxc7 {[%clk 0:02:34]} 30. Rxe6
{[%clk 0:06:07]} Qc2 {[%clk 0:02:10]} 31. Qb1 {[%clk 0:05:35]} Qxb1
{[%clk 0:02:09]} 32. Nxb1 {[%clk 0:05:44]} d3 {[%clk 0:01:52]} 33. Nd2
{[%clk 0:05:41]} Rc7 {[%clk 0:01:37]} 34. Bf6 {[%clk 0:04:36]} Rdd7
{[%clk 0:01:05]} 35. Re8 {[%clk 0:04:42]} g5 {[%clk 0:01:14]} 36. Re3
{[%clk 0:04:49]} Kg6 {[%clk 0:00:38]} 37. Be5 {[%clk 0:04:57]} Rc1
{[%clk 0:00:40]} 38. Kg2 {[%clk 0:05:00]} Rd1 {[%clk 0:00:32]} 39. Bxd3+
{[%clk 0:03:11]} Rxd3 {[%clk 0:00:21]} 40. Rxd3 {[%clk 0:03:20]} Nc4
{[%clk 0:00:31]} 41. Bf4 {[%clk 0:02:10]} b3 {[%clk 0:00:00]} 42. Nxc4 1-0

[Event "A.Arkanov Memorial"]
[Site "Gorno-Altaisk"]
[Date "2017.11.01"]
[Round "11.7"]
[White "Kardashevskiy, Evgeny"]
[Black "Bachin, Vitaly"]
[Result "1/2-1/2"]
[BlackElo "2417"]
[WhiteElo "2396"]
[LiveChessVersion "1.4.8"]

1. d4 {[%clk 0:15:17]} c5 {[%clk 0:15:19]} 2. d5 {[%clk 0:15:21]} e5
{[%clk 0:15:27]} 3. Nc3 {[%clk 0:15:23]} d6 {[%clk 0:15:33]} 4. e4
{[%clk 0:15:31]} g6 {[%clk 0:15:39]} 5. f4 {[%clk 0:14:56]} Bg7 {[%clk 0:15:06]}
6. Nf3 {[%clk 0:14:47]} Bg4 {[%clk 0:15:02]} 7. Bb5+ {[%clk 0:14:35]} Nd7
{[%clk 0:15:04]} 8. O-O {[%clk 0:14:35]} a6 {[%clk 0:15:01]} 9. Bxd7+
{[%clk 0:14:06]} Qxd7 {[%clk 0:15:09]} 10. fxe5 {[%clk 0:14:14]} Bxf3
{[%clk 0:14:55]} 11. Qxf3 {[%clk 0:14:12]} Bxe5 {[%clk 0:15:02]} 12. Bf4
{[%clk 0:14:03]} Bd4+ {[%clk 0:13:15]} 13. Kh1 {[%clk 0:14:10]} h5
{[%clk 0:11:42]} 14. Bxd6 {[%clk 0:13:37]} Nh6 {[%clk 0:10:14]} 15. e5
{[%clk 0:11:48]} O-O-O {[%clk 0:09:52]} 16. Ne4 {[%clk 0:11:37]} Nf5
{[%clk 0:08:45]} 17. c3 {[%clk 0:11:19]} Be3 {[%clk 0:08:53]} 18. Rad1
{[%clk 0:09:09]} Qb5 {[%clk 0:08:34]} 19. Rfe1 {[%clk 0:08:50]} Bh6
{[%clk 0:06:00]} 20. Qf2 {[%clk 0:08:55]} b6 {[%clk 0:05:44]} 21. b4
{[%clk 0:08:22]} cxb4 {[%clk 0:02:54]} 22. c4 {[%clk 0:08:23]} Qa5
{[%clk 0:02:54]} 23. c5 {[%clk 0:08:00]} bxc5 {[%clk 0:02:05]} 24. Bxc5
{[%clk 0:08:02]} Kb7 {[%clk 0:01:55]} 25. Bxb4 {[%clk 0:07:54]} Qb5
{[%clk 0:01:03]} 26. Bd6 {[%clk 0:05:36]} Ka8 {[%clk 0:00:43]} 27. Rb1
{[%clk 0:05:13]} Be3 {[%clk 0:00:50]} 28. Qc2 {[%clk 0:02:54]} Rc8
{[%clk 0:00:42]} 29. Qd1 {[%clk 0:02:04]} Qa5 {[%clk 0:00:34]} 30. Qb3
{[%clk 0:01:53]} Qb5 {[%clk 0:00:20]} 31. Qa3 {[%clk 0:01:52]} Qc4
{[%clk 0:00:16]} 32. Rxe3 {[%clk 0:01:26]} Nxe3 {[%clk 0:00:25]} 33. Qxe3
{[%clk 0:01:30]} Qxd5 {[%clk 0:00:33]} 34. Qb6 {[%clk 0:00:36]} Qc6
{[%clk 0:00:42]} 35. Qxc6+ {[%clk 0:00:37]} Rxc6 {[%clk 0:00:51]} 36. h3
{[%clk 0:00:38]} Rhc8 {[%clk 0:00:59]} 37. Kh2 {[%clk 0:00:39]} Rc4
{[%clk 0:01:08]} 38. Ng5 {[%clk 0:00:40]} Rc2 {[%clk 0:01:08]} 39. Nxf7
{[%clk 0:00:33]} Rxa2 {[%clk 0:01:12]} 40. e6 {[%clk 0:00:26]} Re2
{[%clk 0:01:04]} 41. e7 {[%clk 0:00:33]} Re6 {[%clk 0:01:12]} 42. Nd8
{[%clk 0:00:16]} Re2 {[%clk 0:01:20]} 43. Rf1 {[%clk 0:00:20]} Rcc2
{[%clk 0:01:23]} 44. Rf8 {[%clk 0:00:25]} Rxg2+ {[%clk 0:01:28]} 45. Kh1
{[%clk 0:00:34]} Rge2 {[%clk 0:01:36]} 46. Ne6+ {[%clk 0:00:17]} Kb7
{[%clk 0:01:39]} 47. Nc5+ {[%clk 0:00:26]} Ka7 {[%clk 0:01:44]} 48. Rf1
{[%clk 0:00:26]} Rcd2 {[%clk 0:01:43]} 1/2-1/2

[Event "A.Arkanov Memorial"]
[Site "Gorno-Altaisk"]
[Date "2017.11.01"]
[Round "11.8"]
[White "Sviridov, Valery"]
[Black "Khegay, Dmitriy"]
[Result "1-0"]
[BlackElo "2542"]
[WhiteElo "2505"]
[LiveChessVersion "1.4.8"]

1. Nf3 {[%clk 0:15:14]} Nf6 {[%clk 0:15:02]} 2. g3 {[%clk 0:15:08]} d5
{[%clk 0:15:10]} 3. Bg2 {[%clk 0:15:15]} e6 {[%clk 0:15:18]} 4. O-O
{[%clk 0:15:21]} Be7 {[%clk 0:15:27]} 5. c4 {[%clk 0:15:18]} O-O {[%clk 0:15:35]}
6. b3 {[%clk 0:15:14]} a5 {[%clk 0:15:26]} 7. Nc3 {[%clk 0:14:28]} d4
{[%clk 0:15:29]} 8. Nb5 {[%clk 0:14:14]} Nc6 {[%clk 0:15:26]} 9. Bb2
{[%clk 0:14:17]} e5 {[%clk 0:15:31]} 10. e3 {[%clk 0:14:21]} Bc5 {[%clk 0:14:43]}
11. h3 {[%clk 0:12:59]} Re8 {[%clk 0:14:14]} 12. a3 {[%clk 0:12:44]} Bf5
{[%clk 0:12:55]} 13. Re1 {[%clk 0:12:42]} Qd7 {[%clk 0:12:26]} 14. Kh2
{[%clk 0:10:06]} h6 {[%clk 0:12:26]} 15. exd4 {[%clk 0:08:22]} exd4
{[%clk 0:12:33]} 16. Rxe8+ {[%clk 0:08:16]} Rxe8 {[%clk 0:12:42]} 17. d3
{[%clk 0:08:24]} Ne5 {[%clk 0:09:03]} 18. Nxe5 {[%clk 0:07:11]} Rxe5
{[%clk 0:09:11]} 19. b4 {[%clk 0:07:13]} c6 {[%clk 0:09:20]} 20. bxc5
{[%clk 0:07:10]} cxb5 {[%clk 0:09:29]} 21. cxb5 {[%clk 0:07:03]} Rxc5
{[%clk 0:09:22]} 22. a4 {[%clk 0:07:09]} b6 {[%clk 0:09:16]} 23. Rc1
{[%clk 0:06:53]} Rxc1 {[%clk 0:09:00]} 24. Qxc1 {[%clk 0:06:46]} Be6
{[%clk 0:03:39]} 25. Qf4 {[%clk 0:05:42]} Nd5 {[%clk 0:02:03]} 26. Qb8+
{[%clk 0:04:49]} Kh7 {[%clk 0:02:09]} 27. Bxd4 {[%clk 0:04:54]} Nb4
{[%clk 0:01:49]} 28. Qxb6 {[%clk 0:04:20]} Bd5 {[%clk 0:01:38]} 29. Bxd5
{[%clk 0:03:37]} Qxd5 {[%clk 0:01:02]} 30. Qc5 {[%clk 0:03:45]} Qd7
{[%clk 0:00:58]} 31. Qc4 {[%clk 0:02:56]} f6 {[%clk 0:00:46]} 32. b6
{[%clk 0:02:24]} Nc6 {[%clk 0:00:55]} 33. Be3 {[%clk 0:02:28]} Ne5
{[%clk 0:00:43]} 34. Qe4+ {[%clk 0:02:35]} Kh8 {[%clk 0:00:41]} 35. b7
{[%clk 0:02:39]} Nc6 {[%clk 0:00:29]} 36. Qxc6 {[%clk 0:02:34]} 1-0

[Event "A.Arkanov Memorial"]
[Site "Gorno-Altaisk"]
[Date "2017.11.01"]
[Round "11.9"]
[White "Piskunov, Alexandr"]
[Black "Vassiliev, G."]
[Result "1-0"]
[BlackElo "2034"]
[WhiteElo "2364"]
[LiveChessVersion "1.4.8"]

1. e4 {[%clk 0:15:19]} e5 {[%clk 0:14:49]} 2. Nf3 {[%clk 0:15:26]} Nf6
{[%clk 0:14:58]} 3. d3 {[%clk 0:15:34]} Nc6 {[%clk 0:15:02]} 4. Be2
{[%clk 0:15:42]} Bc5 {[%clk 0:15:05]} 5. O-O {[%clk 0:15:49]} d6 {[%clk 0:15:07]}
6. c3 {[%clk 0:15:43]} a6 {[%clk 0:15:08]} 7. Nbd2 {[%clk 0:15:41]} O-O
{[%clk 0:15:13]} 8. b4 {[%clk 0:14:48]} Ba7 {[%clk 0:15:19]} 9. a3
{[%clk 0:14:38]} d5 {[%clk 0:14:53]} 10. Qc2 {[%clk 0:14:12]} dxe4
{[%clk 0:14:21]} 11. dxe4 {[%clk 0:14:02]} Be6 {[%clk 0:13:14]} 12. Nc4
{[%clk 0:13:57]} Qe7 {[%clk 0:11:42]} 13. Bg5 {[%clk 0:10:53]} h6
{[%clk 0:11:26]} 14. Bh4 {[%clk 0:11:02]} Bxc4 {[%clk 0:11:25]} 15. Bxc4
{[%clk 0:11:10]} g5 {[%clk 0:11:27]} 16. Bg3 {[%clk 0:11:06]} Nh5
{[%clk 0:11:33]} 17. Rad1 {[%clk 0:08:49]} Rad8 {[%clk 0:11:38]} 18. Bd5
{[%clk 0:08:47]} Rd6 {[%clk 0:08:07]} 19. Bxc6 {[%clk 0:04:05]} Nxg3
{[%clk 0:08:07]} 20. hxg3 {[%clk 0:04:14]} Rxc6 {[%clk 0:08:11]} 21. Rd5
{[%clk 0:04:23]} f6 {[%clk 0:05:19]} 22. Rfd1 {[%clk 0:03:05]} b5
{[%clk 0:04:41]} 23. R1d3 {[%clk 0:01:32]} Qe6 {[%clk 0:04:37]} 24. Nh2
{[%clk 0:01:30]} Rc4 {[%clk 0:04:02]} 25. Qe2 {[%clk 0:01:36]} f5
{[%clk 0:01:46]} 26. exf5 {[%clk 0:01:09]} Qxf5 {[%clk 0:01:52]} 27. Nf3
{[%clk 0:01:18]} g4 {[%clk 0:01:29]} 28. Qxe5 {[%clk 0:01:07]} Qxe5
{[%clk 0:01:24]} 29. Nxe5 {[%clk 0:01:14]} Re4 {[%clk 0:01:10]} 30. Kh2
{[%clk 0:00:45]} c6 {[%clk 0:00:55]} 31. Rd7 {[%clk 0:00:49]} Rxe5
{[%clk 0:00:15]} 32. Rxa7 {[%clk 0:00:56]} Rfe8 {[%clk 0:00:24]} 33. Rd1
{[%clk 0:00:28]} Re2 {[%clk 0:00:25]} 34. Kg1 {[%clk 0:00:29]} Rc2
{[%clk 0:00:23]} 35. Rxa6 {[%clk 0:00:26]} Ree2 {[%clk 0:00:18]} 36. Rd7
{[%clk 0:00:16]} Rc1+ {[%clk 0:00:18]} 37. Kh2 {[%clk 0:00:25]} Rxf2
{[%clk 0:00:21]} 38. Rxc6 {[%clk 0:00:28]} Rff1 {[%clk 0:00:25]} 39. Rc8+
{[%clk 0:00:34]} Rf8 {[%clk 0:00:34]} 40. Rxf8+ {[%clk 0:00:20]} Kxf8
{[%clk 0:00:43]} 41. Rc7 {[%clk 0:00:23]} Ra1 {[%clk 0:00:27]} 42. c4 bxc4
{[%clk 0:00:30]} 43. Rxc4 {[%clk 0:00:37]} Rxa3 {[%clk 0:00:38]} 44. Rxg4
{[%clk 0:00:46]} Rb3 {[%clk 0:00:41]} 45. Re4 {[%clk 0:00:55]} Kg7
{[%clk 0:00:44]} 46. g4 {[%clk 0:01:03]} Kg6 {[%clk 0:00:50]} 47. Kg1
{[%clk 0:01:11]} Rb2 {[%clk 0:00:59]} 48. Kf1 {[%clk 0:00:44]} Kg5
{[%clk 0:01:08]} 49. Rd4 {[%clk 0:00:36]} Kh4 {[%clk 0:01:10]} 50. Ke1
{[%clk 0:00:35]} Rxg2 {[%clk 0:00:26]} 51. Kd1 {[%clk 0:00:42]} Kg5
{[%clk 0:00:15]} 52. Kc1 {[%clk 0:00:50]} Kg6 {[%clk 0:00:17]} 53. b5
{[%clk 0:00:56]} Rg1+ {[%clk 0:00:17]} 54. Kc2 {[%clk 0:01:04]} Rg3
{[%clk 0:00:25]} 55. b6 {[%clk 0:01:11]} Rg2+ {[%clk 0:00:33]} 56. Kc3
{[%clk 0:01:18]} Rg1 {[%clk 0:00:39]} 57. b7 {[%clk 0:01:27]} Rc1+
{[%clk 0:00:44]} 58. Kb2 {[%clk 0:01:31]} 1-0